[Event "Titled Tuesday intern op 2nd Febr"]
[Site "Chess.com INT"]
[Date "2019.02.05"]
[Round "3"]
[White "Sharapov, Evgeny"]
[Black "Torres Santiago, Jonathan"]
[Result "1-0"]
[WhiteElo "2368"]
[BlackElo "2175"]
[PlyCount "59"]
[EventDate "2019.02.05"]
[EventType "swiss (blitz)"]
[EventRounds "10"]
[EventCountry "USA"]
[SourceTitle "EXT 2021"]
[Source "ChessBase"]
[SourceDate "2020.10.23"]
[SourceVersion "1"]
[SourceVersionDate "2020.10.23"]
[SourceQuality "1"]

1. e4 c5 2. Nf3 d6 3. d4 cxd4 4. Nxd4 Nf6 5. f3 g6 6. c4 Bg7 7. Be3 0-0 8. Nc3 Nc6 9. Be2 Bd7 10. 0-0 Nxd4 11. Bxd4 Bc6 12. Qd2 a5 13. Be3 Nd7 14. Rab1 Nc5 15. Rfc1 Qb6 16. Rc2 Kh8 17. Kh1 f5 18. exf5 Rxf5 19. Bd4 Bxd4 20. Qxd4+ e5 21. Qd2 Ne6 22. Bd3 Rxf3 23. Nd5 Bxd5 24. cxd5 Rxd3 25. Qxd3 Nc5 26. Qf3 e4 27. Qf6+ Kg8 28. Rf1 e3 29. Qe7 Qb4 30. Qxe3 1-0

[Event "PUR-ch"]
[Site "San Juan"]
[Date "2017.07.23"]
[Round "9"]
[White "Candelario Fernandez, Jorge L"]
[Black "Torres Santiago, Jonathan"]
[Result "1/2-1/2"]
[WhiteElo "1741"]
[BlackElo "2144"]
[PlyCount "80"]
[EventDate "2017.07.14"]
[EventType "tourn"]
[EventRounds "11"]
[EventCountry "PUR"]
[SourceTitle "EXT 2018"]
[Source "ChessBase"]
[SourceDate "2017.10.13"]
[SourceVersion "1"]
[SourceVersionDate "2017.10.13"]
[SourceQuality "1"]

1. e4 c5 2. b3 d5 3. exd5 Nf6 4. Nc3 Nxd5 5. Bb2 Nc6 6. Bb5 Nxc3 7. Bxc6+ bxc6 8. Bxc3 Qd5 9. Qf3 Bf5 10. d3 e6 11. Qg3 Bd6 12. f4 0-0-0 13. Ne2 Rhg8 14. Be5 Bxe5 15. fxe5 f6 16. 0-0 h5 17. Qe3 h4 18. Rf2 fxe5 19. Re1 g5 20. Nc3 Qd4 21. Qxe5 g4 22. Qxd4 cxd4 23. Ne4 Kc7 24. g3 hxg3 25. Nxg3 Rh8 26. Ree2 Rh3 27. Re5 Kd6 28. Ra5 Rd7 29. a4 c5 30. Rb5 Kc6 31. Rb8 Rf7 32. Rg8 Rhh7 33. Rg5 Rhg7 34. Rxg7 Rxg7 35. Nxf5 exf5 36. Rxf5 Re7 37. Rf6+ Kd5 38. Kf2 Rh7 39. Kg2 Re7 40. Kf1 Ke5 1/2-1/2

[Event "PUR-ch"]
[Site "San Juan"]
[Date "2017.07.23"]
[Round "10"]
[White "Torres Santiago, Jonathan"]
[Black "Negron De Jesus, Willie Lee"]
[Result "1-0"]
[WhiteElo "2144"]
[BlackElo "1696"]
[PlyCount "103"]
[EventDate "2017.07.14"]
[EventType "tourn"]
[EventRounds "11"]
[EventCountry "PUR"]
[SourceTitle "EXT 2018"]
[Source "ChessBase"]
[SourceDate "2017.10.13"]
[SourceVersion "1"]
[SourceVersionDate "2017.10.13"]
[SourceQuality "1"]

1. e4 c5 2. Nf3 g6 3. d4 cxd4 4. c3 d3 5. Bxd3 Bg7 6. 0-0 Nc6 7. c4 Nf6 8. Nc3 d6 9. h3 0-0 10. Be3 Bd7 11. Qe2 Qa5 12. a3 Ne5 13. b4 Nxf3+ 14. Qxf3 Qc7 15. Rac1 b6 16. Bg5 Qb7 17. Bxf6 Bxf6 18. Nd5 Bg5 19. Rce1 Bc6 20. Qg3 Bh6 21. Qh4 Bxd5 22. exd5 Bg7 23. Rxe7 Qa6 24. Re3 Qb7 25. Rfe1 Be5 26. c5 bxc5 27. bxc5 Qxd5 28. cxd6 Qxd6 29. g3 Bf6 30. Qg4 Rad8 31. Bc4 Qc5 32. Bb3 Kg7 33. h4 Rd4 34. Qf3 h6 35. R1e2 Rfd8 36. Kg2 Qd6 37. Ba2 Rd2 38. Rxd2 Qxd2 39. Re2 Qd3 40. Re3 Qd2 41. Bc4 Qc1 42. Bb3 Rc8 43. a4 Rc7 44. Qd5 Qc6 45. Qxc6 Rxc6 46. Bd5 Rc7 47. Re4 Re7 48. Rc4 Rd7 49. Be4 Rd4 50. Rxd4 Bxd4 51. f3 Bf6 52. Kf2 1-0

[Event "PUR-ch"]
[Site "San Juan"]
[Date "2017.07.16"]
[Round "5"]
[White "Gerena Rivas, Eliam"]
[Black "Torres Santiago, Jonathan"]
[Result "1/2-1/2"]
[WhiteElo "1914"]
[BlackElo "2144"]
[PlyCount "52"]
[EventDate "2017.07.14"]
[EventType "tourn"]
[EventRounds "11"]
[EventCountry "PUR"]
[SourceTitle "EXT 2018"]
[Source "ChessBase"]
[SourceDate "2017.10.13"]
[SourceVersion "1"]
[SourceVersionDate "2017.10.13"]
[SourceQuality "1"]

1. e4 Nf6 2. Nc3 d5 3. e5 d4 4. exf6 dxc3 5. fxg7 cxd2+ 6. Qxd2 Qxd2+ 7. Bxd2 Bxg7 8. 0-0-0 Bg4 9. Be2 Bxe2 10. Nxe2 Nd7 11. Rhe1 0-0-0 12. Kb1 Nb6 13. Bc3 Bxc3 14. Nxc3 Rxd1+ 15. Rxd1 Rg8 16. g3 Rd8 17. Rxd8+ Kxd8 18. b3 Kd7 19. Kc1 f5 20. f4 c6 21. Kd2 e5 22. fxe5 Ke6 23. Kd3 Kxe5 24. Ke3 a6 25. a3 a5 26. a4 Nd7 1/2-1/2

[Event "Olympiad-42"]
[Site "Baku"]
[Date "2016.09.11"]
[Round "9.4"]
[White "Torres Santiago, Jonathan"]
[Black "Abreu Jean, Carlos Paul"]
[Result "1-0"]
[WhiteElo "2126"]
[BlackElo "2326"]
[PlyCount "85"]
[EventDate "2016.09.02"]
[EventType "team-swiss"]
[EventRounds "11"]
[EventCountry "AZE"]
[SourceTitle "CBM 175"]
[Source "ChessBase"]
[SourceDate "2016.11.10"]
[SourceVersion "1"]
[SourceVersionDate "2016.11.10"]
[SourceQuality "1"]
[WhiteTeam "Puerto Rico"]
[BlackTeam "Dominican Republic"]
[WhiteTeamCountry "PUR"]
[BlackTeamCountry "DOM"]

1. e4 c5 2. d4 cxd4 3. c3 dxc3 4. Nxc3 Nc6 5. Nf3 d6 6. Bc4 a6 7. 0-0 Nf6 8. b4 Bg4 9. b5 Bxf3 10. gxf3 Ne5 11. bxa6 bxa6 12. Qa4+ Nfd7 13. Be2 g5 14. Bxg5 Rc8 15. Rac1 Rg8 16. Kh1 Rxg5 17. f4 Nd3 18. Bxd3 Ra5 19. Qd4 e6 20. f5 e5 21. Qe3 Nc5 22. Rg1 Qh4 23. Rg8 Nd7 24. Nd5 Rxc1+ 25. Qxc1 Rc5 26. Qe3 f6 27. Bxa6 Kf7 28. Rg1 Bh6 29. Qe2 Bf4 30. Nxf4 exf4 31. Bc4+ Ke7 32. Be6 f3 33. Qxf3 Ne5 34. Qg2 Qg5 35. Qxg5 fxg5 36. Rxg5 Rc2 37. f4 Nf3 38. Rg7+ Kd8 39. Rg8+ Ke7 40. Rg7+ Kd8 41. Rxh7 Re2 42. f6 Nd4 43. Rd7+ 1-0

[Event "Olympiad-42"]
[Site "Baku"]
[Date "2016.09.10"]
[Round "8.3"]
[White "Torres Santiago, Jonathan"]
[Black "Ameir, Moheb"]
[Result "0-1"]
[WhiteElo "2126"]
[BlackElo "2431"]
[PlyCount "58"]
[EventDate "2016.09.02"]
[EventType "team-swiss"]
[EventRounds "11"]
[EventCountry "AZE"]
[SourceTitle "CBM 175"]
[Source "ChessBase"]
[SourceDate "2016.11.10"]
[SourceVersion "1"]
[SourceVersionDate "2016.11.10"]
[SourceQuality "1"]
[WhiteTeam "Puerto Rico"]
[BlackTeam "Egypt"]
[WhiteTeamCountry "PUR"]
[BlackTeamCountry "EGY"]

1. e4 c5 2. d4 cxd4 3. c3 dxc3 4. Nxc3 Nc6 5. Nf3 d6 6. Bc4 a6 7. 0-0 Nf6 8. Be3 e6 9. Qe2 b5 10. e5 dxe5 11. Rfd1 Bd7 12. Nxb5 axb5 13. Bxb5 Nd5 14. Bg5 Be7 15. Rxd5 exd5 16. Bxc6 Bxc6 17. Nxe5 Ba4 18. Ng4 Bd7 19. Re1 Be6 20. Qe5 0-0 21. Bxe7 Qxe7 22. Re3 Rxa2 23. h3 Qh4 24. Rg3 Bxg4 25. Rxg4 Qh6 26. f4 Kh8 27. Qe7 Raa8 28. Rg5 d4 29. Qe4 Rad8 0-1

[Event "Olympiad-42"]
[Site "Baku"]
[Date "2016.09.05"]
[Round "4.4"]
[White "Torres Santiago, Jonathan"]
[Black "Kahn, Tito"]
[Result "1-0"]
[WhiteElo "2126"]
[BlackElo "1880"]
[PlyCount "47"]
[EventDate "2016.09.02"]
[EventType "team-swiss"]
[EventRounds "11"]
[EventCountry "AZE"]
[SourceTitle "CBM 175"]
[Source "ChessBase"]
[SourceDate "2016.11.10"]
[SourceVersion "1"]
[SourceVersionDate "2016.11.10"]
[SourceQuality "1"]
[WhiteTeam "Puerto Rico"]
[BlackTeam "Jersey"]
[WhiteTeamCountry "PUR"]
[BlackTeamCountry "GCI"]

1. e4 c5 2. d4 cxd4 3. c3 dxc3 4. Nxc3 Nc6 5. Nf3 e6 6. Bc4 a6 7. 0-0 Qc7 8. Re1 Bd6 9. e5 Nxe5 10. Nd5 Nxf3+ 11. Qxf3 Qc6 12. Qg4 Kf8 13. Qh4 Be7 14. Nxe7 Nxe7 15. Bd2 b5 16. Bb4 f6 17. Bxe6 dxe6 18. Rac1 Qb7 19. Bd6 Qd7 20. Red1 Ra7 21. Bc5 Qc7 22. Bxe7+ Kxe7 23. Rxc7+ Rxc7 24. Qg3 1-0

[Event "Olympiad-42"]
[Site "Baku"]
[Date "2016.09.03"]
[Round "2.3"]
[White "Botsoe, Koffi"]
[Black "Torres Santiago, Jonathan"]
[Result "0-1"]
[WhiteElo "1610"]
[BlackElo "2126"]
[PlyCount "90"]
[EventDate "2016.09.02"]
[EventType "team-swiss"]
[EventRounds "11"]
[EventCountry "AZE"]
[SourceTitle "CBM 175"]
[Source "ChessBase"]
[SourceDate "2016.11.10"]
[SourceVersion "1"]
[SourceVersionDate "2016.11.10"]
[SourceQuality "1"]
[WhiteTeam "Togo"]
[BlackTeam "Puerto Rico"]
[WhiteTeamCountry "TOG"]
[BlackTeamCountry "PUR"]

1. e4 Nf6 2. Nc3 d5 3. exd5 Nxd5 4. d4 Bf5 5. Bc4 e6 6. a3 Nxc3 7. bxc3 c6 8. Ne2 Bd6 9. 0-0 0-0 10. Ng3 Bg6 11. Bb3 Nd7 12. f4 Qc7 13. Qf3 Nf6 14. a4 c5 15. Qe2 Rac8 16. dxc5 Qxc5+ 17. Be3 Qxc3 18. Ra2 Bc5 19. Rf3 Rfd8 20. h3 Rd2 21. Bxc5 Qxc5+ 22. Qe3 Rd1+ 23. Kh2 Qxe3 24. Rxe3 Nd5 25. Bxd5 Rxd5 26. c3 Ra5 27. Rae2 h6 28. Re5 Rxe5 29. Rxe5 Rxc3 30. f5 exf5 31. Re7 f4 32. Ne2 Re3 33. Rxe3 fxe3 34. Nf4 Be4 35. Kg3 a5 36. Ne2 g5 37. Nc3 f5 38. Kh2 Kf7 39. Kg1 Ke6 40. g4 Ke5 41. gxf5 Bxf5 42. Kg2 Kd4 43. Ne2+ Kd3 44. Ng3 Bxh3+ 45. Kxh3 e2 0-1

[Event "Olympiad-42"]
[Site "Baku"]
[Date "2016.09.02"]
[Round "1.4"]
[White "Stupak, Kirill"]
[Black "Torres Santiago, Jonathan"]
[Result "1-0"]
[WhiteElo "2561"]
[BlackElo "2126"]
[PlyCount "47"]
[EventDate "2016.09.02"]
[EventType "team-swiss"]
[EventRounds "11"]
[EventCountry "AZE"]
[SourceTitle "CBM 175"]
[Source "ChessBase"]
[SourceDate "2016.11.10"]
[SourceVersion "1"]
[SourceVersionDate "2016.11.10"]
[SourceQuality "1"]
[WhiteTeam "Belarus"]
[BlackTeam "Puerto Rico"]
[WhiteTeamCountry "BLR"]
[BlackTeamCountry "PUR"]

1. c4 e5 2. g3 Nf6 3. Bg2 d5 4. cxd5 c6 5. dxc6 Nxc6 6. Nc3 Bc5 7. Na4 Qd4 8. e3 Qd6 9. Ne2 Bf5 10. Nxc5 Qxc5 11. d4 Qc4 12. b3 Qa6 13. 0-0 Bd3 14. Re1 Nb4 15. dxe5 Nc2 16. exf6 Nxe1 17. Qxe1 Bxe2 18. fxg7 Rg8 19. Bb2 f6 20. Bxb7 Qxb7 21. Qxe2 Qxg7 22. Qf3 Kf7 23. Rc1 Kg6 24. Rc5 1-0

[Event "PUR-ch"]
[Site "San Juan"]
[Date "2016.04.03"]
[Round "4"]
[White "Vazquez Maccarini, Danitza"]
[Black "Torres Santiago, Jonathan"]
[Result "1-0"]
[WhiteElo "2043"]
[BlackElo "2123"]
[PlyCount "123"]
[EventDate "2016.04.01"]
[EventType "tourn"]
[EventRounds "11"]
[EventCountry "PUR"]
[SourceTitle "CBM 171 Extra"]
[Source "ChessBase"]
[SourceDate "2016.04.26"]
[SourceVersion "1"]
[SourceVersionDate "2016.04.26"]
[SourceQuality "1"]

1. e4 Nf6 2. e5 Nd5 3. d4 d6 4. Nf3 g6 5. Be2 Bg7 6. 0-0 0-0 7. c4 Nb6 8. Nc3 Bg4 9. b3 dxe5 10. Nxe5 Bxe2 11. Nxe2 c5 12. Bb2 cxd4 13. Bxd4 Qc7 14. Nf3 Rd8 15. Qc2 e5 16. Bc3 Nc6 17. Rad1 a5 18. a4 Nd7 19. Rfe1 Nc5 20. Rd5 b6 21. Red1 f6 22. Ne1 e4 23. Ng3 f5 24. Bxg7 Qxg7 25. Qd2 Qf6 26. Qh6 Rxd5 27. cxd5 Nb4 28. Nh5 Qf7 29. Qg5 Kh8 30. Nf4 Re8 31. d6 Nbd3 32. Nexd3 exd3 33. d7 Qxd7 34. Qf6+ Kg8 35. Qxb6 d2 36. Kf1 Nd3 37. Ne2 Nc1 38. Qd4 Qxd4 39. Nxd4 Nd3 40. Nf3 Nc5 41. Nxd2 Kf7 42. Nc4 Ra8 43. Rb1 Ke6 44. Re1+ Kf6 45. Re3 g5 46. f3 h5 47. Rc3 Ne6 48. Rd3 Nc5 49. Rd6+ Kg7 50. Nd2 Rc8 51. Ke2 h4 52. g4 hxg3 53. hxg3 Rc7 54. Rd5 Kf6 55. g4 Kg6 56. gxf5+ Kf7 57. Kf2 Nb7 58. Kg3 Nc5 59. Kg4 Nd7 60. Kxg5 Nf6 61. Rxa5 Nh7+ 62. Kf4 1-0

[Event "PUR-ch"]
[Site "San Juan"]
[Date "2016.04.01"]
[Round "1"]
[White "Torres Santiago, Jonathan"]
[Black "Pinales Roussel, Gabriel"]
[Result "1-0"]
[WhiteElo "2123"]
[BlackElo "2025"]
[PlyCount "87"]
[EventDate "2016.04.01"]
[EventType "tourn"]
[EventRounds "11"]
[EventCountry "PUR"]
[SourceTitle "CBM 171 Extra"]
[Source "ChessBase"]
[SourceDate "2016.04.26"]
[SourceVersion "1"]
[SourceVersionDate "2016.04.26"]
[SourceQuality "1"]

1. e4 d6 2. f4 g6 3. Nf3 Bg7 4. Be2 Nf6 5. d3 0-0 6. 0-0 c5 7. Qe1 Bg4 8. Nbd2 Nc6 9. c3 Rb8 10. Qh4 Bxf3 11. Nxf3 e6 12. f5 exf5 13. Bg5 h6 14. Bxh6 Bxh6 15. Qxh6 Ng4 16. Qf4 Qe7 17. Rae1 fxe4 18. Ng5 Nge5 19. Nxe4 Kg7 20. Nf6 Nd7 21. Ng4 Rh8 22. Bf3 Nce5 23. d4 cxd4 24. cxd4 Nxf3+ 25. Qxf3 Qf8 26. Rc1 f5 27. Qd5 Qe7 28. Rfe1 Qf7 29. Qxd6 Rbe8 30. Rxe8 Rxe8 31. Ne5 Nxe5 32. Rc7 Nd3 33. h4 Re6 34. Rxf7+ Kxf7 35. Qd5 b6 36. h5 Nf4 37. Qb7+ Re7 38. hxg6+ Nxg6 39. Qf3 Kf6 40. Kf2 Re4 41. Qc3 Nf4 42. d5+ Kg5 43. Qc7 Nxd5 44. Qg7+ 1-0

[Event "PUR-ch"]
[Site "Bayamon"]
[Date "2015.10.11"]
[Round "4"]
[White "Torres Santiago, Jonathan"]
[Black "Morales Santos, Natasha"]
[Result "1-0"]
[WhiteElo "2143"]
[BlackElo "1759"]
[PlyCount "73"]
[EventDate "2015.10.09"]
[EventType "swiss"]
[EventRounds "9"]
[EventCountry "PUR"]
[SourceTitle "EXT 2017"]
[Source "ChessBase"]
[SourceDate "2016.10.25"]
[SourceVersion "1"]
[SourceVersionDate "2016.10.25"]
[SourceQuality "1"]

1. e4 e6 2. Nf3 d5 3. e5 c5 4. b4 cxb4 5. a3 bxa3 6. Bxa3 Bxa3 7. Nxa3 Bd7 8. d4 a6 9. Bd3 Nc6 10. 0-0 Rc8 11. c4 Nh6 12. Qb1 Na5 13. cxd5 exd5 14. Re1 Bg4 15. e6 Bxe6 16. Bxh7 Ng4 17. Rxe6+ fxe6 18. Qg6+ Kf8 19. Qxg4 Rxh7 20. Ng5 Rh6 21. Nxe6+ Rxe6 22. Qxe6 Nb3 23. Qf5+ Kg8 24. Qe6+ Kf8 25. Qf5+ Kg8 26. Rd1 Nxd4 27. Qe5 Nb3 28. Qe6+ Kf8 29. Qf5+ Kg8 30. Qe6+ Kf8 31. Nc2 Rc6 32. Qh3 Qc8 33. Qf3+ Kg8 34. Nb4 Rc3 35. Qxd5+ Kf8 36. Qd6+ Kf7 37. Qf4+ 1-0

[Event "PUR-ch"]
[Site "Caguas"]
[Date "2006.03.26"]
[Round "6"]
[White "Berrios Echevarria, Gabriel"]
[Black "Torres Santiago, Jonathan"]
[Result "1-0"]
[WhiteElo "2032"]
[BlackElo "2218"]
[PlyCount "59"]
[EventDate "2006.03.17"]
[EventType "swiss"]
[EventRounds "9"]
[EventCountry "PUR"]
[SourceTitle "EXT 2008"]
[Source "ChessBase"]
[SourceDate "2007.11.25"]
[SourceVersion "1"]
[SourceVersionDate "2007.11.25"]
[SourceQuality "1"]

1. Nf3 Nf6 2. g3 b5 3. Bg2 Bb7 4. 0-0 e6 5. d4 Be7 6. Bg5 d5 7. Nbd2 0-0 8. Ne5 Nbd7 9. Nxd7 Nxd7 10. Bxe7 Qxe7 11. Re1 c5 12. dxc5 Nxc5 13. e4 Rad8 14. Qe2 a6 15. e5 Rc8 16. c3 Na4 17. Rab1 b4 18. c4 Nb6 19. cxd5 Nxd5 20. Ne4 a5 21. Red1 Rb8 22. Rbc1 a4 23. Nc5 a3 24. Nxb7 Qxb7 25. Bxd5 exd5 26. bxa3 bxa3 27. Qd3 Qb2 28. Qxd5 Rb5 29. Qd6 Qxa2 30. Rc8 1-0

[Event "PUR-ch"]
[Site "Caguas"]
[Date "2006.03.17"]
[Round "1"]
[White "Modesto, Rafael"]
[Black "Torres Santiago, Jonathan"]
[Result "1/2-1/2"]
[WhiteElo "2099"]
[BlackElo "2218"]
[PlyCount "112"]
[EventDate "2006.03.17"]
[EventType "swiss"]
[EventRounds "9"]
[EventCountry "PUR"]
[SourceTitle "EXT 2008"]
[Source "ChessBase"]
[SourceDate "2007.11.25"]
[SourceVersion "1"]
[SourceVersionDate "2007.11.25"]
[SourceQuality "1"]

1. d4 Nf6 2. Nf3 g6 3. g3 c5 4. Bg2 Bg7 5. 0-0 cxd4 6. Nxd4 0-0 7. c4 Nc6 8. Nc3 Qa5 9. Nc2 d6 10. Bd2 Qh5 11. e4 Bg4 12. f3 Bd7 13. b3 Bh3 14. Rc1 Bxg2 15. Kxg2 Nd7 16. Nd5 e5 17. g4 Qh4 18. Qe1 Qd8 19. Nce3 Nd4 20. Nc2 Nc5 21. Nxd4 exd4 22. Qe2 a5 23. Rce1 Re8 24. Qd1 Rb8 25. a4 b6 26. Bc1 Qh4 27. Bb2 Be5 28. f4 Bg7 29. Bxd4 f6 30. Qf3 Ne6 31. Ba1 Rb7 32. Qg3 Qxg3+ 33. hxg3 Nc5 34. Nxf6+ Bxf6 35. Bxf6 Nxb3 36. e5 dxe5 37. Rxe5 Rc8 38. Rfe1 Rxc4 39. g5 Rc8 40. Re7 Rcb8 41. Rd1 Nc5 42. Rxb7 Rxb7 43. Rd4 Kf7 44. Kf3 Ke6 45. g4 Rd7 46. Ke3 Rxd4 47. Kxd4 Nxa4 48. Kc4 Nc5 49. Bd4 Nd7 50. Be3 Kd6 51. Kb5 Kd5 52. f5 gxf5 53. gxf5 Ke4 54. Bxb6 Nxb6 55. g6 hxg6 56. fxg6 Nd5 1/2-1/2